Ч. 1: Бурение: учебник; Разведочное дело

গ্রন্থ-পঞ্জীর বিবরন
Parent link:Разведочное дело: учебник/ Московский геологоразведочный институт (МГРИ). Ч. 1: Бурение.— , 1938-
প্রধান লেখক: Куличихин Н. И.
অন্যান্য লেখক: Воздвиженский Б. И.
সংক্ষিপ্ত:Книга "Бурение" Н. И. Куличихина и Б. И. Воздвиженского является учебником для геолого-разведочных вузов по первой части курса "Разведочное дело". Она написана в соответствии с программой по этому курсу. Первые главы книги касаются вопросов, относящихся к вспомогательным сооружениям и оборудованию, обсадным трубам и штангам. В последующих главах освещаются различные способы бурения, применяемые при разведочных работах, и специальные работы: тампонаж, каротаж, торпедирование, предупредительные меры против аварий, вопросы искривления скважин, каптажные принадлежности и средства для откачек. Заключительные главы посвящены вопросам расчета норм и организации производства работ. При составлении этой книги были использованы новейшие данные по трактуемым вопросам. Данный учебник предназначается в основном для учащихся геологоразведочных вузов и может быть также рекомендован в качестве подробного учебного пособия для геолого-разведочных техникумов и для инженеров-разведчиков.
ভাষা:রুশ
প্রকাশিত: 1938
বিষয়গুলি:
বিন্যাস: MixedMaterials গ্রন্থ
KOHA link:https://koha.lib.tpu.ru/cgi-bin/koha/opac-detail.pl?biblionumber=230390

MARC

LEADER 00000nam2a2200000 4500
001 230390
005 20231101231013.0
035 |a (RuTPU)RU\TPU\book\251201 
090 |a 230390 
100 |a 20130121d1938 m y0rusy50 ca 
101 0 |a rus 
102 |a RU 
105 |a a j 001zy 
200 0 |a Ч. 1: Бурение  |e учебник  |f Н. И. Куличихин, Б. И. Воздвиженский 
210 |d 1938 
215 |a 488 с.  |c ил. 
316 |5 63413507: КР-245  |a С автографом автора 
317 |5 63413507: КР-245  |a Поступила в НТБ в 2004 г. в составе книжного собрания профессора ТПИ К. В. Радугина. 
320 |a Библиогр.: с. 480. 
330 |a Книга "Бурение" Н. И. Куличихина и Б. И. Воздвиженского является учебником для геолого-разведочных вузов по первой части курса "Разведочное дело". Она написана в соответствии с программой по этому курсу. Первые главы книги касаются вопросов, относящихся к вспомогательным сооружениям и оборудованию, обсадным трубам и штангам. В последующих главах освещаются различные способы бурения, применяемые при разведочных работах, и специальные работы: тампонаж, каротаж, торпедирование, предупредительные меры против аварий, вопросы искривления скважин, каптажные принадлежности и средства для откачек. Заключительные главы посвящены вопросам расчета норм и организации производства работ. При составлении этой книги были использованы новейшие данные по трактуемым вопросам. Данный учебник предназначается в основном для учащихся геологоразведочных вузов и может быть также рекомендован в качестве подробного учебного пособия для геолого-разведочных техникумов и для инженеров-разведчиков. 
461 1 |0 (RuTPU)RU\TPU\book\189362  |t Разведочное дело  |o учебник  |o [в 4 ч.]  |f Московский геологоразведочный институт (МГРИ)  |v Ч. 1: Бурение  |d 1938- 
606 1 |a Поисково-разведочные работы  |2 stltpush  |3 (RuTPU)RU\TPU\subj\49984  |9 68744 
610 1 |a разведочное бурение 
610 1 |a буровые работы 
610 1 |a буровые вышки 
610 1 |a буровое оборудование 
610 1 |a скважины 
610 1 |a промывка 
610 1 |a кароттаж 
610 1 |a учебники 
610 1 |a владельческая надпись 
610 1 |a библиотека К. В. Радугина 
675 |a 550.812(075.8)  |v 3 
700 1 |a Куличихин  |b Н. И. 
701 1 |a Воздвиженский  |b Б. И. 
801 1 |a RU  |b 63413507  |c 20130121 
801 2 |a RU  |b 63413507  |c 20130311  |g RCR 
942 |c BK